000 00298nam a22001337a 4500
008 170523b xxu||||| |||| 00| 0 eng d
020 _a9789282825037
041 _aeng
080 _a94((7/8)
100 _a16
101 _aSHH
245 _aTHE AMERICAN CIVIL WAR
_cMIERS.S
942 _2udc
_cBK
999 _c13874
_d13874